| 000 | 00917nas a2200301 4500 | ||
|---|---|---|---|
| 001 | BR2012003870 | ||
| 003 | BR-BrBNA | ||
| 005 | 20231205120630.0 | ||
| 007 | ta | ||
| 008 | 230509b bl.|||p| |||| 00| 00por d | ||
| 040 |
_aBR-BrBNA _bpor _cBiblioteca Nacional de Agricultura |
||
| 041 | _a(Pt) | ||
| 072 | _aE16; K10 | ||
| 100 | 1 | _aAngelo, H. | |
| 100 | 1 | _aPompamayer, R. de S. | |
| 100 | 1 | _aViana, M.C. | |
| 100 | 1 | _aAlmeida, A.N. de | |
| 100 | 1 | _aMoreira, J.M.M.A.P. | |
| 100 | 1 | _aSouza, A.N. de | |
| 245 | 1 | _aValoração econômica da depredação do Pequi (Caryocar brasiliense Camb.)no cerrado brasileiro | |
| 650 | _aPEQUI | ||
| 650 | _aCADEIA PRODUTIVA | ||
| 650 | _aDESMATAMENTO | ||
| 650 | _aCOMERCIALIZAÇÃO | ||
| 773 | 0 |
_tScientia Forestalis (Brazil) _xISSN 1413-9324 _g(Mar 2012), v. 40(93) p. 35-45 _wBR2012003870 |
|
| 909 |
_a202311 _bLúcia _c55 _dLúcia Elande |
||
| 942 |
_2AGRIS _n0 _cANA |
||
| 999 |
_c219471 _d219471 |
||